أساليب تعليم السباحة الحرة -المفاضلة بين الأسلوبين التدريبي و المتسلل / (رقم التسجيلة. 140054)

تفاصيل مارك
000 -LEADER
fixed length control field 00613nam a22001697a 4500
005 - DATE AND TIME OF LATEST TRANSACTION
control field 20251108175704.0
008 - FIXED-LENGTH DATA ELEMENTS--GENERAL INFORMATION
fixed length control field 250721s2018 xx 000 0 ara d
082 14 - DEWEY DECIMAL CLASSIFICATION NUMBER
Classification number 797.2/ياو
100 1# - MAIN ENTRY--PERSONAL NAME
Personal name ياور، فراس عجيل
245 10 - TITLE STATEMENT
Title أساليب تعليم السباحة الحرة -المفاضلة بين الأسلوبين التدريبي و المتسلل /
264 1# - PRODUCTION, PUBLICATION, DISTRIBUTION, MANUFACTURE, AND COPYRIGHT NOTICE
Place of production, publication, distribution, manufacture عمان :
Name of producer, publisher, distributor, manufacturer مكتبة المجتمع العربي للنشر و التوزيع،
Date of production, publication, distribution, manufacture, or copyright notice 2018.
300 ## - PHYSICAL DESCRIPTION
Extent 162ص0
650 17 - SUBJECT ADDED ENTRY--TOPICAL TERM
Topical term or geographic name as entry element السباحه
650 17 - SUBJECT ADDED ENTRY--TOPICAL TERM
Topical term or geographic name as entry element الرياضة المائيه
942 ## - ADDED ENTRY ELEMENTS (KOHA)
Source of classification or shelving scheme Dewey Decimal Classification
Koha item type كتب
المقتنيات
حالة السحب حالة الفقدان مصدر التصنيف حالة التلف غير قابل للإعارة المكتبة الرئيسية المكتبة الحالية موقع الرف تاريخ التزويد الرقم المتسلسل Total Checkouts رقم الإستدعاء الباركود تاريخ آخر ظهور تاريخ الفاتورة نوع المادة (كوها)
    Dewey Decimal Classification     المكتبة المركزية المكتبة المركزية الإعارة 28/07/2025 1713415   797.2/ياو PLD00453980 28/07/2025 28/07/2025 كتب
    Dewey Decimal Classification     مكتبة أبو علندا العامة مكتبة أبو علندا العامة الإعارة 20/08/2019 1713422   797.2/ياو PLD00463096 28/07/2025 20/08/2019 كتب
    Dewey Decimal Classification     مكتبة أم قصير والمقابلين العامة مكتبة أم قصير والمقابلين العامة الإعارة 20/08/2019 1713420   797.2/ياو PLD00463094 28/07/2025 20/08/2019 كتب
    Dewey Decimal Classification     مكتبة الاميرة بديعة مكتبة الاميرة بديعة الإعارة 20/08/2019 1713418   797.2/ياو PLD00463092 28/07/2025 20/08/2019 كتب
    Dewey Decimal Classification     مكتبة الجويدة مكتبة الجويدة الإعارة 20/08/2019 1713421   797.2/ياو PLD00463095 28/07/2025 20/08/2019 كتب
    Dewey Decimal Classification     مكتبة الحسن العامة مكتبة الحسن العامة الإعارة 20/08/2019 1713423   797.2/ياو PLD00463097 28/07/2025 20/08/2019 كتب
    Dewey Decimal Classification     مكتبة صويلح العامة مكتبة صويلح العامة الإعارة 20/08/2019 1713424   797.2/ياو PLD00463098 28/07/2025 20/08/2019 كتب
Implemented & Customized by: BBB with SCIT (Smart Chains for Information Technology)

Powered by Koha